| 000 | 00568aam a2200205 4500 | ||
|---|---|---|---|
| 005 | 20160921113126.0 | ||
| 008 | 150309b xxu||||| |||| 00| 0 spa d | ||
| 041 | _aspa | ||
| 082 | _a917.286 C837c | ||
| 245 | _aCosta Rica: tourist attractions guide= Costa Rica: guia de atractivos turísticos | ||
| 260 | _aCosta Rica | ||
| 260 | _bHeliconia Fundación Neotropica | ||
| 260 | _c2001 | ||
| 650 |
_aCOSTA RICA _921799 |
||
| 650 |
_aDESCRIPCIONES _93575 |
||
| 650 |
_aVIAJES _96013 |
||
| 650 |
_aGUIAS _9738 |
||
| 650 |
_aATRACTIVOS TURÍSTICOS _95394 |
||
| 942 | _cBK | ||
| 999 |
_c951 _d951 |
||